<?xml version="1.0" encoding="UTF-8"?>
<record
    xmlns:xsi="http://www.w3.org/2001/XMLSchema-instance"
    xsi:schemaLocation="http://www.loc.gov/MARC21/slim http://www.loc.gov/standards/marcxml/schema/MARC21slim.xsd"
    xmlns="http://www.loc.gov/MARC21/slim">

  <leader>01866nam a2200289Ia 4500</leader>
  <controlfield tag="001">H8386</controlfield>
  <controlfield tag="003">IT-RoPAU</controlfield>
  <controlfield tag="008">130308s9999    xx            000 0 und d</controlfield>
  <datafield tag="040" ind1=" " ind2=" ">
    <subfield code="a">IT-RoPAU</subfield>
  </datafield>
  <datafield tag="040" ind1=" " ind2=" ">
    <subfield code="c">IT-RoPAU</subfield>
  </datafield>
  <datafield tag="041" ind1=" " ind2=" ">
    <subfield code="a">ITALIANO</subfield>
  </datafield>
  <datafield tag="100" ind1=" " ind2=" ">
    <subfield code="a">Novasconi Armando</subfield>
  </datafield>
  <datafield tag="100" ind1=" " ind2=" ">
    <subfield code="g">Codice Aut. SPICS: 59355</subfield>
  </datafield>
  <datafield tag="245" ind1=" " ind2=" ">
    <subfield code="a">Barocco nel lodigiano (Il)</subfield>
  </datafield>
  <datafield tag="245" ind1=" " ind2=" ">
    <subfield code="b">Barocco nel lodigiano (Il)</subfield>
  </datafield>
  <datafield tag="250" ind1=" " ind2=" ">
    <subfield code="a">1a ed.</subfield>
  </datafield>
  <datafield tag="260" ind1=" " ind2=" ">
    <subfield code="b">Banca Mutua Popolare Agricola Di Lodi</subfield>
  </datafield>
  <datafield tag="260" ind1=" " ind2=" ">
    <subfield code="c">1968 [1&#xB0; Ed.:1968 - Ed.Ling.Originale:1968]</subfield>
  </datafield>
  <datafield tag="300" ind1=" " ind2=" ">
    <subfield code="a">"322 p. (prefazione: no ; testo: 322 [pagine: 0-0])"</subfield>
  </datafield>
  <datafield tag="500" ind1=" " ind2=" ">
    <subfield code="a">Copia N. 349 di 650. Periodo barocco nella Storia e nell'Arte. Arte barocca a Lodi e nel Lodogiano. Chiesa San Filippo in Lodi. Carloni Carlo e Sua Pittura. Chiesa B.V. delle Grazie. Chiesa S. Maria Maddalena. Chiesa S. Maria del Sole. Tempio Incoronata. Chiesa S. Chiara Nuova. cattedrale di Lodi. Tempio di S. Francesco. Chiesa di S. Lorenzo. palazzo di S. Filippo. palazzo Modegnani. palazzo Barni. palazzo Galeano. palazzo Vescovile. palazzo Villani. Chiesa convento di S. Benedetto. palazzo Cadamosto. Ospedale Maggioredi Lodi. Casa privata in Lodi. Chiesa Ss. Pietro e Paolo in Ospedaletto Lodigiano. castello di Maleo. castello di S. Angelo Lodigiano. Chiesa S. Fiorano. villa Pallavicino Trivulzio a S. Fiorano. Chiesa Ss. Bartolomeo e Martino in Casalpusterlengo. Santuario Madonna di Caravaggio in Codogno. Chiesas. Biagio in Codogno. Chiesa Ss. Angelo e Nicolo' in Villanova Sillaro. Santuario Cappuccini in Casalpusterlengo. villa palazzo di Orio Litta. villa Barni a Roncadello. Parrocchiale di Roncadello. Chiesa S. Maria Nascente Dibrembio. Chiesa S. Lorenzo in Monticelli di Bertonico.</subfield>
  </datafield>
  <datafield tag="650" ind1=" " ind2=" ">
    <subfield code="a">STORIA DELLE ARTI VISIVE</subfield>
  </datafield>
  <datafield tag="650" ind1=" " ind2=" ">
    <subfield code="e">Codice materia Spics: 5008</subfield>
  </datafield>
  <datafield tag="942" ind1=" " ind2=" ">
    <subfield code="c">BK</subfield>
  </datafield>
  <datafield tag="957" ind1=" " ind2=" ">
    <subfield code="7">1</subfield>
  </datafield>
  <datafield tag="999" ind1=" " ind2=" ">
    <subfield code="c">68468</subfield>
    <subfield code="d">68468</subfield>
  </datafield>
  <datafield tag="999" ind1=" " ind2=" ">
    <subfield code="b">SI</subfield>
  </datafield>
  <datafield tag="999" ind1=" " ind2=" ">
    <subfield code="g">1</subfield>
  </datafield>
  <datafield tag="952" ind1=" " ind2=" ">
    <subfield code="0">0</subfield>
    <subfield code="1">0</subfield>
    <subfield code="4">0</subfield>
    <subfield code="6">H_000000000000000_8386</subfield>
    <subfield code="7">1</subfield>
    <subfield code="a">SPICS</subfield>
    <subfield code="b">SPICS</subfield>
    <subfield code="d">2013-03-08</subfield>
    <subfield code="l">0</subfield>
    <subfield code="o">H8386</subfield>
    <subfield code="r">2013-03-08 00:00:00</subfield>
    <subfield code="w">2013-03-08</subfield>
    <subfield code="y">BK</subfield>
    <subfield code="z">Progressivo inserimento:  21518 /  N. Volumi: 1 Copie: 1 Copia Rara: SI / data import: 1 marzo 2013 - By Epidotti, Trombetti, Vaglietti. </subfield>
  </datafield>
</record>
